| Tag |
First Indicator |
Second Indicator |
Subfields |
| LEADER |
00000cam a2200000 a 4500 |
| 001 |
in00000958921 |
| 005 |
20150926141335.0 |
| 007 |
hd afv|||baca |
| 007 |
hd bfv|||baaa |
| 008 |
870323s1674 miu a 00010 eng d |
| 035 |
|
|
|a (OCoLC)15353328
|
| 035 |
|
|
|9 AEU4673AM
|
| 037 |
|
|
|a CL0037000039
|b University Microfilms International
|
| 037 |
|
|
|b University Microfilms International, 300 N. Zeeb Road, Ann Arbor, MI 48106.
|
| 040 |
|
|
|a EAK
|c EAK
|d m/c
|d EAK
|d UtOrBLW
|
| 049 |
|
|
|a TXAI
|
| 090 |
|
|
|a BX7748.B8
|b F69
|
| 099 |
|
|
|a film
|a B
|a 3609
|
| 100 |
1 |
|
|a Fox, George,
|d 1624-1691.
|
| 245 |
1 |
4 |
|a The line of righteousness and justice stretched forth over all merchants, &c :
|b and an exhortation to all Friends and people whatsoever who are merchants, tradesmen, husbandmen or sea-men, who deal in merchandize, trade in buying and selling by sea or land, or deal in husbandry, that ye all do that which is just, equal and righteous in the sight of God and man, one to another, and to all men, and that ye use just weights, and just measures, and speak and do that which is true, just and right in all things, that so your conversations, lives, practices and tongues may preach to all people, and answer the good, just and righteous principle of God in them all, in which ye may be serviceable unto God, and to the creation in your generation, and a blessing both to God and man /
|c George Fox.
|
| 264 |
|
1 |
|a [London?] printed :
|b [publisher not identified],
|c 1674.
|
| 300 |
|
|
|a 12 pages
|
| 336 |
|
|
|a text
|b txt
|2 rdacontent
|
| 337 |
|
|
|a microform
|b h
|2 rdamedia
|
| 338 |
|
|
|a microfilm reel
|b hd
|2 rdacarrier
|
| 500 |
|
|
|a Reproduction of original in the Union Theological Seminary Library, New York.
|
| 510 |
4 |
|
|a Wing
|c F1858
|
| 533 |
|
|
|a Microfilm.
|b Ann Arbor, Mich. :
|c University Microfilms,
|d 1981.
|e 1 microfilm reel. 35 mm.
|f (Early English books, 1641-1700 ; 1188:25)
|
| 500 |
|
|
|a Microform.
|
| 650 |
|
0 |
|a Business ethics
|x Early works to 1800.
|
| 650 |
|
0 |
|a Conduct of life
|v Early works to 1800.
|
| 830 |
|
0 |
|a Early English books, 1641-1700 ;
|v 1188:25.
|
| 999 |
|
|
|a MARS
|
| 999 |
f |
f |
|s 1ee05edc-5d34-351d-a00b-bc80621ab682
|i af457067-a9c7-3659-bc06-91da44a64467
|t 0
|
| 952 |
f |
f |
|p default
|a Texas A&M University
|b College Station
|c Sterling C. Evans Library
|d Evans: Microforms (3rd floor)
|t 0
|e film B 3609 1188:25
|h Other scheme
|i microform -- microfilm reel
|
| 998 |
f |
f |
|a film B 3609 1188:25
|t 0
|l Evans: Microforms (3rd floor)
|